Casa de los Rodrigo de Bastidas : (Record no. 110404)

MARC details
000 -LEADER
campo de control de longitud fija 00865nam a2200277Ia 4500
001 - NÚMERO DE CONTROL
campo de control 49438
005 - FECHA Y HORA DE LA ÚLTIMA TRANSACCIÓN
campo de control 20230411085959.0
008 - DATOS DE LONGITUD FIJA--INFORMACIÓN GENERAL
campo de control de longitud fija 850925s1977 dr ai 000 0bspa d
010 ## - NÚMERO DE CONTROL DE LA BIBLIOTECA DEL CONGRESO
Número de control de LC 94230903
035 ## - NÚMERO DE CONTROL DEL SISTEMA
Número de control de sistema (OCoLC)ocm12597827
040 ## - FUENTE DE CATALOGACIÓN
Centro catalogador/agencia de origen PIT
Centro/agencia transcriptor PIT
Centro/agencia modificador DLC
035 ## - NÚMERO DE CONTROL DEL SISTEMA
Número de control de sistema (OCoLC)12597827
043 ## - CÓDIGO DE ÁREA GEOGRÁFICA
Código de área geográfica nwdr---
090 ## - LOCALMENTE ASIGNADO TIPO-LC NÚMERO DE CLASIFICACIÓN (OCLC); NÚMERO DE CLASIFICACIÓN LOCAL (RLIN)
Número de clasificación (OCLC) (R) ; Numero de clasificación, CALL (RLIN) (NR) F1939.S4
Número cutter local (OCLC) ; Número de libro/Signatura topográfica íntegra, CALL (RLIN) C117c 1977
049 ## - FONDOS LOCALES (OCLC)
Biblioteca depositaria GRAL
100 1# - ENTRADA PRINCIPAL--NOMBRE DE PERSONA
Nombre de persona Cabral de Poladura, Atala.
245 10 - MENCIÓN DEL TÍTULO
Título Casa de los Rodrigo de Bastidas :
Resto del título apuntes históricos /
Mención de responsabilidad, etc. Atala Cabral de Poladura.
260 ## - PUBLICACIÓN, DISTRIBUCIÓN, ETC.
Lugar de publicación, distribución, etc. Santo Domingo, D.N. :
Nombre del editor, distribuidor, etc. Editora del Caribe,
Fecha de publicación, distribución, etc. 1977.
300 ## - DESCRIPCIÓN FÍSICA
Extensión 40, [1] p. :
Otras características físicas ill., coat of arms ;
Dimensiones 22 cm.
650 #0 - PUNTO DE ACCESO ADICIONAL DE MATERIA--TÉRMINO DE MATERIA
Término de materia o nombre geográfico como elemento de entrada Historic buildings
Subdivisión geográfica Dominican Republic
-- Santo Domingo.
600 10 - PUNTO DE ACCESO ADICIONAL DE MATERIA--NOMBRE DE PERSONA
Nombre de persona Bastidas, Rodrigo de,
Fechas asociadas al nombre ca. 1460-1527.
600 00 - PUNTO DE ACCESO ADICIONAL DE MATERIA--NOMBRE DE PERSONA
Nombre de persona Bastidas family.
942 ## - ELEMENTOS DE ENTRADA SECUNDARIOS (KOHA)
Fuente del sistema de clasificación o colocación Clasificación de Library of Congress
Tipo de ítem Koha
946 ## - PROCESAMIENTO DE INFORMACIÓN LOCAL (OCLC)
a clperez
994 ## -
-- C0
-- DRFGD
Holdings
Estatus retirado Estado de pérdida Fuente del sistema de clasificación o colocación Estado de daño No para préstamo Colección Biblioteca de origen Biblioteca actual Ubicación en estantería Fecha de adquisición Código de barras Visto por última vez Copia número Tipo de ítem Koha
    Clasificación de Library of Congress     Automatización y Procesos Técnicos Biblioteca Juan Bosch Biblioteca Juan Bosch Automatización y Procesos Técnicos (1er. Piso) 11/04/2023 00000050279 17/02/2019 1